MARC

LEADER 00000nam0a2200000 4500
001 154236
005 20231226163654.0
010 |a 5982982059 
035 |a (RuTPU)RU\TPU\book\167297 
090 |a 154236 
100 |a 20090224d2008 m y0rusy50 ca 
101 0 |a rus 
102 |a RU 
105 |a a j 001zy 
200 1 |a Электромагнитная совместимость высоковольтной техники  |e методические указания  |f Томский политехнический университет (ТПУ); сост. Д. В. Жгун 
210 |a Томск  |c Изд-во ТПУ  |d 2008 
215 |a 52 с.  |c ил. 
320 |a Библиогр.: с. 50. 
452 1 |0 (RuTPU)RU\TPU\book\200632  |t Электромагнитная совместимость высоковольтной техники  |o методические указания  |f Томский политехнический университет (ТПУ) ; сост. Д. В. Жгун  |c Томск  |n Изд-во ТПУ  |d 2008 
606 1 |a Электроэнергетика  |x Электромагнитная совместимость  |2 stltpush  |3 (RuTPU)RU\TPU\subj\67663  |9 83384 
606 1 |a Электрическая аппаратура, высоковольтная  |2 stltpush  |3 (RuTPU)RU\TPU\subj\26834  |9 50675 
610 1 |a высоковольтная техника 
610 1 |a аппараты высокого напряжения 
610 1 |a электромагнитные помехи 
610 1 |a распространение 
610 1 |a каналы 
610 1 |a высоковольтное оборудование 
610 1 |a радиопомехи 
610 1 |a измерение 
610 1 |a напряжение 
610 1 |a ограничители 
610 1 |a защитные характеристики 
610 1 |a лабораторные работы 
610 1 |a методические указания 
610 1 |a труды учёных ТПУ 
675 |a 621.31:53(076.5)  |v 3 
675 |a 621.31.027.3(076.5)  |v 3 
702 1 |a Жгун  |b Д. В.  |c электрофизик  |c доцент Томского политехнического университета, кандидат технических наук  |f 1974-  |g Дмитрий Владимирович  |3 (RuTPU)RU\TPU\pers\29870  |4 220  |9 14342 
712 0 2 |a Томский политехнический университет (ТПУ)  |c (1991- )  |3 (RuTPU)RU\TPU\col\376 
801 1 |a RU  |b 63413507  |c 20090224  |g PSBO 
801 2 |a RU  |b 63413507  |c 20201007  |g PSBO 
942 |c BK